| 000 | 01212nam a2200253Ia 4500 | ||
|---|---|---|---|
| 999 |
_c41452 _d41452 |
||
| 001 | 8116 | ||
| 003 | GE_BSU | ||
| 005 | 20240318152358.0 | ||
| 008 | 181216s2012||||ge |||||||||||||| ||geo|| | ||
| 020 | _a9789941132230 | ||
| 040 | _cGE_BSU | ||
| 041 | _ageo | ||
| 080 | _a631.4(075.8):551.4 -62 | ||
| 100 |
_aურუშაძე, თ. _920 |
||
| 245 |
_aნიადაგების გეოგრაფია ნიადაგმცოდნეობის საფუძვლებით : _b[სახელმზღვ.] / _cთენგიზ ურუშაძე, ვინფრიდ ბლუმი ; რედ. ლია მაჭავარიანი ; თსუ. |
||
| 264 |
_aთბილისი : _bთბილისის უნ–ტი, _c2012. |
||
| 300 |
_a426 გვ. : _bილ., ცხრ. ; _c26 სმ. |
||
| 541 | _h45ლ. | ||
| 653 | _aნიადაგების გეოგრაფია ნიადაგმცოდნეობის საფუძვლებით | ||
| 653 | _aსახელმძღვანელო | ||
| 700 |
_aბლუმი, ვინფრიდ _eავტორი _920729 |
||
| 710 |
_aთსუ _921452 |
||
| 942 |
_cBK _2udc |
||